| 000 | 00639nam a2200217 a 4500 | ||
|---|---|---|---|
| 005 | 20151123021816.0 | ||
| 008 | 140220b1996 ck ||||| |||| 00| 0 spa d | ||
| 040 |
_aCO-BoIAVH _cCO-BoIAVH |
||
| 041 | _aspa | ||
| 044 | _ack | ||
| 090 |
_aLB _b00227 |
||
| 110 |
_bColombia. Departamento Nacional de Planeación _96745 |
||
| 245 |
_aPlan de acción ambiental _bPereira centro-occidente |
||
| 260 |
_aBogotá _bDNP _c1996 |
||
| 300 | _a23 p. | ||
| 650 |
_aPlanes de manejo ambiental _942521 |
||
| 650 |
_aPlan de acción ambiental _93886 |
||
| 650 |
_aServicios Basicos _942522 |
||
| 650 |
_aDiagnostico Ambiental _94571 |
||
| 942 |
_cINFORME _2z |
||
| 999 |
_c247 _d247 |
||